Социальное положение и условия труда сельского населения; Безопасность жизнедеятельности; № 4

Dettagli Bibliografici
Parent link:Безопасность жизнедеятельности: научно-практический и учебно-методический журнал.— , 2001-
№ 4.— 2003.— С. 16-17
Altri autori: Михайлов В. Н., Дорофеев И. Г., Гальянов И. В., Попадейкин В. В., Лапин А. П.
Lingua:russo
Pubblicazione: 2003
Serie:Общие вопросы
Soggetti:
Natura: MixedMaterials Capitolo di libro
KOHA link:https://koha.lib.tpu.ru/cgi-bin/koha/opac-detail.pl?biblionumber=385900

MARC

LEADER 00000naa2a2200000 4500
001 385900
005 20231101063417.0
035 |a (RuTPU)RU\TPU\prd\14125 
090 |a 385900 
100 |a 20030522a2003 k y0rusy50 ca 
101 0 |a rus 
102 |a RU 
200 1 |a Социальное положение и условия труда сельского населения  |f В. Н. Михайлов, И. Г. Дорофеев, И. В. Гальянов и др. 
225 1 |a Общие вопросы 
320 |a Библиогр.: 2 назв. 
461 1 |0 (RuTPU)RU\TPU\prd\1137  |t Безопасность жизнедеятельности  |o научно-практический и учебно-методический журнал  |d 2001- 
463 1 |0 (RuTPU)RU\TPU\prd\13779  |t № 4  |v С. 16-17  |d 2003 
610 1 |a сельское население 
610 1 |a охрана труда 
610 1 |a неблагоприятная среда 
610 1 |a агропромышленный комплекс 
610 1 |a травматизм 
610 1 |a профзаболевания 
610 1 |a социальное положение 
675 |a 331.34:312.922  |v 3 
701 1 |a Михайлов  |b В. Н. 
701 1 |a Дорофеев  |b И. Г. 
701 1 |a Гальянов  |b И. В. 
701 1 |a Попадейкин  |b В. В. 
701 1 |a Лапин  |b А. П. 
801 1 |a RU  |b 63413507  |c 20030522  |g PSBO 
942 |c BK